| 000 | 00616nam a2200205 i 4500 | ||
|---|---|---|---|
| 001 | 141480 | ||
| 003 | ES-MaACL | ||
| 005 | 20250814011834.0 | ||
| 007 | t| | ||
| 008 | 070924s1981 sp ||||1| spa d | ||
| 080 | _a573(075.8) | ||
| 100 | 1 |
_aVillée, Claude A. _9115199 |
|
| 245 | 1 | 0 |
_aBiología / _cClaude A. Villée ; traducido por Roberto Espinosa Zarza. |
| 260 |
_aMéxico : _bInteramericana, _c[1981] |
||
| 300 |
_aXIII, 803 p. : _bil. ; _c26 cm. |
||
| 650 | 0 | 7 |
_aBiología _2embne _910580 |
| 700 | 1 |
_aEspinosa Zarza, Roberto. _947924 |
|
| 852 |
_aES-MaACL _jL-1773 _bR.102703 |
||
| 999 |
_c141480 _d141480 |
||